000 00761nam a2200277 a 4500
001 ASIN184614518X
005 20170105102907.0
008 131024s xxu eng d
020 _a184614518X (hardcover)
020 _a9781846145186 (hardcover)
040 _a0
050 0 4 _aHC430.F3
082 0 4 _a951.055
100 1 _aJisheng, Yang.
245 1 0 _aTombstone /
_cYang Jisheng.
260 _a[S.l.] :
_bAllen Lane History,
300 _a1 v. (unpaged) ;
_c24 cm.
650 0 _aChina
650 0 _aEconomic history
650 0 _aFamines
650 0 _aFood supply
650 0 _aPolitical science
650 0 _aSocial history
856 4 0 _3Amazon.com
_uhttp://www.amazon.com/exec/obidos/ASIN/184614518X/chopaconline-20
942 _2ddc
_cBK
999 _c14904
_d14904